Structural Engineering: (Record no. 186959)

MARC details
000 -LEADER
fixed length control field 00601nam a22001817a 4500
005 - DATE AND TIME OF LATEST TRANSACTION
control field 20220406124806.0
010 ## - LCCN (DPL NO)
LC control number ENG-132104
020 ## - INTERNATIONAL STANDARD BOOK NUMBER
International Standard Book Number 9788121931465
Terms of availability 575.00
035 ## - SYSTEM CONTROL NUMBER
System control number EN-115636
037 ## - SOURCE OF ACQUISITION
Source of stock number/acquisition DBAD/PUB
082 ## - DEWEY DECIMAL CLASSIFICATION NUMBER
Classification number 624.1
100 ## - MAIN ENTRY--PERSONAL NAME
Personal name Dayaratnam, P
245 ## - TITLE STATEMENT
Title Structural Engineering:
Remainder of title Conventional And Objective Type/
Statement of responsibility, etc P Dayaratnam
260 ## - PUBLICATION, DISTRIBUTION, ETC. (IMPRINT)
Place of publication, distribution, etc New Delhi
Name of publisher, distributor, etc S.Chand And Company Limited
Date of publication, distribution, etc 2009
270 ## - ADDRESS
Address 7361,Ram Nagar, Qutab Road
City New Delhi
Postal code 110055
Telephone number 23672080
Electronic mail address info@schandpublishing.com
300 ## - PHYSICAL DESCRIPTION
Extent xxii,577p
Dimensions 24cm(pbk)
942 ## - ADDED ENTRY ELEMENTS (KOHA)
Source of classification or shelving scheme Dewey Decimal Classification
Item type English Books
Classification part 624.1
Call number suffix DAY
Holdings
Withdrawn status Lost status Not for loan Collection code Home library Current library Date acquired Source of acquisition Cost, normal purchase price Full call number Barcode Copy number Cost, replacement price Koha item type
      Non-fiction Central Library Central Library 24/03/2022 DBAD/PUB 575.00 624.1 DAY EN-115636 1 575.00 English Books

© Delhi Public Library
Hit Counter
free hit counter